[Event "Venezia Province-ch 83rd"]
[Site "Campalto"]
[Date "2024.02.04"]
[Round "5"]
[White "Mazzella, Riccardo"]
[Black "Filippi, Giulio"]
[Result "0-1"]
[WhiteElo "1222"]
[BlackElo "1457"]
[PlyCount "94"]
[EventDate "2024.02.02"]
[EventType "swiss"]
[EventRounds "5"]
[EventCountry "ITA"]
[SourceTitle "EXT 2025"]
[Source "ChessBase"]
[SourceDate "2024.10.14"]
[SourceVersion "1"]
[SourceVersionDate "2024.10.14"]
[SourceQuality "1"]

1. e4 c6 2. d4 d5 3. e5 Bf5 4. Bd3 Bxd3 5. Qxd3 e6 6. Nf3 h6 7. 0-0 Ne7 8. Be3 Nd7 9. c4 dxc4 10. Qxc4 Nd5 11. Nc3 N7b6 12. Qb3 Nxe3 13. fxe3 Be7 14. Rac1 0-0 15. Na4 Qc7 16. Nxb6 axb6 17. a3 Ra5 18. Nd2 Rfa8 19. Nc4 Rb5 20. Qc2 Rd8 21. Qf2 Rf8 22. e4 f6 23. Kh1 fxe5 24. Qe2 Rxf1+ 25. Rxf1 exd4 26. Qf3 Bf6 27. Qg4 Qe7 28. e5 Bxe5 29. Nxe5 Rxe5 30. Qxd4 Rb5 31. a4 Rb4 32. Qe5 Rxa4 33. Qb8+ Kh7 34. h3 Ra5 35. Rf8 Rf5 36. Rh8+ Kg6 37. Qg3+ Qg5 38. Qd3 Qf4 39. g4 Qf1+ 40. Qxf1 Rxf1+ 41. Kg2 Rb1 42. b4 Rxb4 43. Rb8 c5 44. Rxb7 c4 45. Rc7 b5 46. Rc6 Kf6 47. Kg3 Rb3+ 0-1

[Event "Ottavi Province-ch 78th"]
[Site "Mestre"]
[Date "2018.01.27"]
[Round "3"]
[White "Filippi, Giulio"]
[Black "Civitareale, Alberto"]
[Result "0-1"]
[WhiteElo "1598"]
[BlackElo "1711"]
[PlyCount "76"]
[EventDate "2018.01.26"]
[EventType "swiss"]
[EventRounds "5"]
[EventCountry "ITA"]
[SourceTitle "EXT 2022"]
[Source "ChessBase"]
[SourceDate "2021.10.06"]
[SourceVersion "1"]
[SourceVersionDate "2021.10.06"]
[SourceQuality "1"]

1. b4 d5 2. Bb2 Nf6 3. e3 e6 4. a3 Be7 5. Be2 0-0 6. d3 b6 7. Nf3 Bb7 8. 0-0 Nbd7 9. d4 c5 10. c4 cxb4 11. axb4 Bxb4 12. Ba3 Bxa3 13. Nxa3 dxc4 14. Nxc4 Ne4 15. Bd3 Ndf6 16. Nfd2 Nxd2 17. Nxd2 e5 18. dxe5 Qxd3 19. exf6 Qg6 20. f3 Qxf6 21. Ra4 Qc3 22. Qe2 Rfd8 23. Rd1 Rd3 24. Rc4 Rxe3 25. Rxc3 Rxe2 26. Rc7 Ba6 27. Nc4 Bxc4 28. Rxc4 Re7 29. Kf2 a5 30. Rb1 Rb8 31. Rb5 f6 32. Rc6 Reb7 33. Rc4 Ra8 34. Ra4 Kf7 35. Ke3 Ke6 36. f4 Kd6 37. Kd4 Kc6 38. Kc4 Re8 0-1

[Event "Ottavi Province-ch 78th"]
[Site "Mestre"]
[Date "2018.01.27"]
[Round "2"]
[White "Marson, Eva Jane"]
[Black "Filippi, Giulio"]
[Result "1/2-1/2"]
[WhiteElo "1380"]
[BlackElo "1598"]
[PlyCount "83"]
[EventDate "2018.01.26"]
[EventType "swiss"]
[EventRounds "5"]
[EventCountry "ITA"]
[SourceTitle "EXT 2022"]
[Source "ChessBase"]
[SourceDate "2021.10.06"]
[SourceVersion "1"]
[SourceVersionDate "2021.10.06"]
[SourceQuality "1"]

1. e4 c6 2. d4 d5 3. Nc3 dxe4 4. Nxe4 Bf5 5. Nc3 e6 6. Bd3 Bxd3 7. Qxd3 Nf6 8. Nf3 Bd6 9. Ne5 Nbd7 10. Bf4 Bxe5 11. Bxe5 Nxe5 12. dxe5 Nd5 13. 0-0 0-0 14. Rad1 Qg5 15. Rde1 Rad8 16. a3 Nf4 17. Qg3 Qxg3 18. fxg3 Nd5 19. Ne4 f6 20. exf6 Nxf6 21. Nxf6+ Rxf6 22. Rxf6 gxf6 23. Rxe6 Rd2 24. Re7 Rxc2 25. Rxb7 a5 26. Kf1 h6 27. b4 axb4 28. axb4 Rb2 29. h4 c5 30. b5 c4 31. Rb8+ Kg7 32. Rc8 Rxb5 33. Rxc4 Rf5+ 34. Rf4 Kg6 35. Rxf5 Kxf5 36. Kf2 Kg4 37. Ke3 Kxg3 38. Ke4 Kxh4 39. Kf5 h5 40. Kxf6 Kg4 41. Kg6 h4 42. Kh6 1/2-1/2

[Event "Ottavi Province-ch 78th"]
[Site "Mestre"]
[Date "2018.01.26"]
[Round "1"]
[White "Filippi, Giulio"]
[Black "Litrico, Paolo"]
[Result "0-1"]
[WhiteElo "1598"]
[BlackElo "1897"]
[PlyCount "62"]
[EventDate "2018.01.26"]
[EventType "swiss"]
[EventRounds "5"]
[EventCountry "ITA"]
[SourceTitle "EXT 2022"]
[Source "ChessBase"]
[SourceDate "2021.10.06"]
[SourceVersion "1"]
[SourceVersionDate "2021.10.06"]
[SourceQuality "1"]

1. b4 d5 2. Bb2 Bf5 3. e3 e6 4. Nf3 Nf6 5. a3 Bd6 6. Be2 Nbd7 7. d3 e5 8. Nbd2 Qe7 9. c4 c6 10. cxd5 cxd5 11. Rc1 0-0 12. Nb3 Rfc8 13. 0-0 b6 14. Rc2 Nf8 15. Qd2 Rxc2 16. Qxc2 Rc8 17. Qd2 Ng6 18. Rc1 Rxc1+ 19. Qxc1 Bd7 20. Nbd2 e4 21. Bxf6 gxf6 22. dxe4 dxe4 23. Nd4 f5 24. Nc6 Qe8 25. Nd4 f4 26. Nc4 Bb8 27. Qd1 Qc8 28. f3 b5 29. Nb2 Qc3 30. Nxb5 Qxb2 31. Qxd7 Qxe2 0-1

[Event "Treviso op-C 1st"]
[Site "Treviso"]
[Date "2017.03.18"]
[Round "2.12"]
[White "Filippi, Giulio"]
[Black "Perissotto, Mario"]
[Result "0-1"]
[WhiteElo "1509"]
[BlackElo "1706"]
[PlyCount "162"]
[EventDate "2017.03.17"]
[EventType "swiss"]
[EventRounds "5"]
[EventCountry "ITA"]
[SourceTitle "EXT 2024"]
[Source "ChessBase"]
[SourceDate "2023.10.10"]
[SourceVersion "1"]
[SourceVersionDate "2023.10.10"]
[SourceQuality "1"]

1. b4 e5 2. Bb2 d6 3. e3 Nf6 4. Nc3 Be7 5. Be2 0-0 6. Nf3 Nbd7 7. 0-0 b6 8. d3 Bb7 9. a3 Re8 10. Nh4 Qc8 11. Nf5 Bf8 12. Ng3 d5 13. Nh5 Nxh5 14. Bxh5 Nf6 15. Bf3 c5 16. b5 Qd7 17. a4 d4 18. Bxb7 Qxb7 19. Ne2 Rad8 20. e4 Qd7 21. Ng3 g6 22. f4 Ng4 23. f5 Ne3 24. Qf3 Nxf1 25. Rxf1 Bh6 26. Bc1 Bxc1 27. Rxc1 Qd6 28. Qg4 Qf8 29. Rf1 Qh6 30. h4 Rd6 31. f6 Kh8 32. h5 Rg8 33. Qf3 Qe3+ 34. Kh2 Qxf3 35. Rxf3 gxh5 36. Nxh5 Rg5 37. Ng7 Rg6 38. Nh5 Rh6 39. Rf5 Kg8 40. Rxe5 Re6 41. Rd5 Kf8 42. g4 Rexf6 43. Kg3 Re6 44. Rd7 Re7 45. Rd8+ Re8 46. Rd7 Ra8 47. Nf4 Ke8 48. Rc7 a6 49. Nd5 axb5 50. axb5 Ra2 51. Rb7 Rb2 52. Nxb6 Rxc2 53. Nd5 Rd2 54. Rb8+ Kd7 55. Nf4 Kc7 56. Rf8 Kb6 57. Rxf7 Kxb5 58. Rb7+ Kc6 59. Rb3 Rh1 60. Nd5 Rhd1 61. Rb6+ Kd7 62. Nf4 Kc7 63. Nd5+ Kd7 64. Nf4 Rg1+ 65. Kf3 Rf1+ 66. Kg3 Rxf4 67. Kxf4 Rxd3 68. e5 Re3 69. Rb7+ Ke6 70. Rb6+ Kd5 71. Rd6+ Kc4 72. e6 Re1 73. Kf5 d3 74. Kf6 Kc3 75. e7 d2 76. Rd8 c4 77. Kf7 Kc2 78. g5 d1Q 79. Rxd1 Kxd1 80. e8Q Rxe8 81. Kxe8 c3 0-1

[Event "Treviso op-C 1st"]
[Site "Treviso"]
[Date "2017.03.17"]
[Round "1.12"]
[White "Stringhetta, Elio"]
[Black "Filippi, Giulio"]
[Result "1-0"]
[WhiteElo "1655"]
[BlackElo "1509"]
[PlyCount "43"]
[EventDate "2017.03.17"]
[EventType "swiss"]
[EventRounds "5"]
[EventCountry "ITA"]
[SourceTitle "EXT 2024"]
[Source "ChessBase"]
[SourceDate "2023.10.10"]
[SourceVersion "1"]
[SourceVersionDate "2023.10.10"]
[SourceQuality "1"]

1. d4 e6 2. Bf4 d5 3. e3 Nc6 4. Nf3 h6 5. c3 Bd6 6. Bxd6 Qxd6 7. Bb5 Bd7 8. Nbd2 Nge7 9. 0-0 a6 10. Ba4 b5 11. Bc2 0-0 12. e4 e5 13. dxe5 Nxe5 14. Nxe5 Qxe5 15. Nf3 Qh5 16. exd5 Nxd5 17. h3 f6 18. Re1 Rae8 19. Qd3 Nf4 20. Qxd7 Rxe1+ 21. Rxe1 Nxh3+ 22. Qxh3 1-0

[Event "Noale Szabados Memorial-B 5th"]
[Site "Noale"]
[Date "2012.02.05"]
[Round "5"]
[White "Filippi, Giulio"]
[Black "Demiraj, Rumi"]
[Result "0-1"]
[WhiteElo "1431"]
[BlackElo "1957"]
[PlyCount "129"]
[EventDate "2012.02.03"]
[EventType "swiss"]
[EventRounds "5"]
[EventCountry "ITA"]
[SourceTitle "EXT 2022"]
[Source "ChessBase"]
[SourceDate "2021.10.06"]
[SourceVersion "1"]
[SourceVersionDate "2021.10.06"]
[SourceQuality "1"]

1. b4 e5 2. a3 d5 3. Bb2 Bd6 4. e3 Nf6 5. Be2 0-0 6. h3 c6 7. d3 b6 8. Nd2 Bb7 9. Ngf3 Nbd7 10. c4 h6 11. 0-0 Nh7 12. cxd5 cxd5 13. Rc1 f5 14. Nh2 g5 15. d4 e4 16. Bb5 Nhf6 17. f3 a6 18. Ba4 Qb8 19. f4 gxf4 20. exf4 Bxf4 21. g3 Bxg3 22. Qe2 Bxh2+ 23. Qxh2 Qxh2+ 24. Kxh2 b5 25. Bb3 Ne8 26. Rg1+ Kf7 27. Rc5 Ndf6 28. Rf1 Ke6 29. Rfc1 Nd7 30. R5c2 Nd6 31. Ba2 Rac8 32. Nb3 Rxc2+ 33. Rxc2 Nc4 34. Nc5+ Nxc5 35. bxc5 Bc6 36. Bc1 f4 37. Rf2 f3 38. Bxc4 dxc4 39. Bxh6 Rh8 40. Be3 Kd5 41. Rf1 Bd7 42. Kg1 Bxh3 43. Rf2 Bg2 44. Rc2 a5 45. Rb2 Rb8 46. Bd2 Kxd4 47. Bxa5 Kxc5 48. Bb4+ Kc6 49. Rd2 e3 50. Rd6+ Kb7 51. Re6 e2 52. Re7+ Ka8 53. Bc5 Rh8 54. Kf2 Rh1 55. Bb4 Rf1+ 56. Kg3 Rd1 57. Kf2 Rd3 58. Re8+ Kb7 59. Re7+ Kc8 60. Re5 Rd1 61. Rc5+ Kd7 62. Re5 Rd3 63. Rxb5 Bh3 64. Rc5 Be6 65. Be1 0-1